Statistics for City To Country - Europe

Click here to take the quiz!

General Stats

  • This quiz has been taken 47 times
    (13 since last reset)
  • The average score is 205 of 240

Answer Stats

QuestionTileSelect% Correct
cities in RussiaAlmatyNo
100%
cities in SpainAndorraNo
100%
cities in SwitzerlandAnnecyNo
100%
cities in GermanyAntwerpNo
100%
cities in the United KingdomAucklandNo
100%
cities in SpainBarcelonaYes
100%
cities in the United KingdomBelfastYes
100%
cities in FranceBordeauxYes
100%
cities in UkraineBratislavaNo
100%
cities in FranceBrugesNo
100%
cities in RomaniaBucharestYes
100%
cities in RomaniaBudapestNo
100%
cities in the United KingdomCardiffYes
100%
cities in SpainCasablancaNo
100%
cities in UkraineChernihivYes
100%
cities in RomaniaChisinauNo
100%
cities in GermanyFrankfurtYes
100%
cities in FranceGenevaNo
100%
cities in SwitzerlandGenevaYes
100%
cities in the NetherlandsGhentNo
100%
cities in GermanyGrazNo
100%
cities in GermanyHanoverYes
100%
cities in PolandHrodnaNo
100%
cities in ItalyIbizaNo
100%
cities in PolandKarlovy VaryNo
100%
cities in RussiaKhersonNo
100%
cities in the United KingdomKingstonNo
100%
cities in PolandKrakowYes
100%
cities in UkraineKrasnodarNo
100%
cities in SpainLa PazNo
100%
cities in FranceLilleYes
100%
cities in SpainLimaNo
100%
cities in PortugalLisbonYes
100%
cities in the United KingdomLondonYes
100%
cities in BelgiumLuxembourgNo
100%
cities in FranceLyonYes
100%
cities in SwedenMalmöYes
100%
cities in the United KingdomManchesterYes
100%
cities in FranceMarseilleYes
100%
cities in the United KingdomMelbourneNo
100%
cities in ItalyMilanYes
100%
cities in UkraineMinskNo
100%
cities in FranceMontréalNo
100%
cities in GermanyMunichYes
100%
cities in ItalyNaplesYes
100%
cities in SwedenOdenseNo
100%
cities in RomaniaOdessaNo
100%
cities in PolandPoznanYes
100%
cities in the United KingdomRaleighNo
100%
cities in BelgiumReimsNo
100%
cities in the NetherlandsRotterdamYes
100%
cities in RussiaSaint PetersburgYes
100%
cities in PortugalSalvadorNo
100%
cities in SpainSan JoseNo
100%
cities in ItalySan MarinoNo
100%
cities in SpainSevilleYes
100%
cities in SwedenSplitNo
100%
cities in GermanyStuttgartYes
100%
cities in BelgiumToulouseNo
100%
cities in ItalyVallettaNo
100%
cities in GermanyViennaNo
100%
cities in SwedenVilniusNo
100%
cities in PolandWarsawYes
100%
cities in PolandWroclawYes
100%
cities in GermanyZürichNo
100%
cities in SwitzerlandZürichYes
100%
cities in the NetherlandsAarhusNo
91%
cities in GreeceAdanaNo
91%
cities in the NetherlandsAntwerpNo
91%
cities in BelgiumAntwerpYes
91%
cities in SwitzerlandBaselYes
91%
cities in DenmarkBergenNo
91%
cities in GermanyBernNo
91%
cities in PortugalBilbaoNo
91%
cities in the United KingdomBostonNo
91%
cities in BulgariaBratislavaNo
91%
cities in the Czech RepublicBratislavaNo
91%
cities in HungaryBucharestNo
91%
cities in HungaryBudapestYes
91%
cities in GreeceBurgasNo
91%
cities in FranceCologneNo
91%
cities in RomaniaConstantaYes
91%
cities in GreeceDebrecenNo
91%
cities in the United KingdomDublinNo
91%
cities in PolandGdanskYes
91%
cities in ItalyGenoaYes
91%
cities in BelgiumGhentYes
91%
cities in the United KingdomGlasgowYes
91%
cities in the NetherlandsHagueYes
91%
cities in GreeceHeraklionYes
91%
cities in UkraineHrodnaNo
91%
cities in SwitzerlandKlagenfurtNo
91%
cities in the Czech RepublicKosiceNo
91%
cities in PortugalLarissaNo
91%
cities in FranceLausanneNo
91%
cities in BelgiumLe HavreNo
91%
cities in PolandLinzNo
91%
cities in UkraineLvivYes
91%
cities in the NetherlandsMaastrichtYes
91%
cities in PolandMahilyowNo
91%
cities in RussiaMinskNo
91%
cities in SpainMurciaYes
91%
cities in HungaryNarvaNo
91%
cities in the NetherlandsOdenseNo
91%
cities in RomaniaPécsNo
91%
cities in CroatiaPodgoricaNo
91%
cities in the Czech RepublicPoltavaNo
91%
cities in PortugalPortoYes
91%
cities in DenmarkReykjavikNo
91%
cities in RussiaRostov-on-DonYes
91%
cities in RomaniaRuseNo
91%
cities in GermanySalzburgNo
91%
cities in SpainSantiagoNo
91%
cities in CroatiaSarajevoNo
91%
cities in BulgariaSkopjeNo
91%
cities in FranceStrasbourgYes
91%
cities in HungarySuboticaNo
91%
cities in GreeceTbilisiNo
91%
cities in PortugalTenerifeNo
91%
cities in GreeceThessalonikiYes
91%
cities in RomaniaTiranaNo
91%
cities in ItalyTripoliNo
91%
cities in SwedenTrondheimNo
91%
cities in SpainValenciaYes
91%
cities in SwitzerlandViennaNo
91%
cities in UkraineVolgogradNo
91%
cities in SwitzerlandWuppertalNo
91%
cities in RussiaYekaterinburgYes
91%
cities in CroatiaZagrebYes
91%
cities in PolandZagrebNo
91%
cities in GreeceAlexandriaNo
82%
cities in the NetherlandsBergenNo
82%
cities in RomaniaBurgasNo
82%
cities in BelgiumCharleroiYes
82%
cities in FranceCharleroiNo
82%
cities in RussiaChelyabinskYes
82%
cities in UkraineDniproYes
82%
cities in RussiaDonetskNo
82%
cities in GermanyDresdenYes
82%
cities in DenmarkEskilstunaNo
82%
cities in PortugalFortalezaNo
82%
cities in the United KingdomGalwayNo
82%
cities in SwedenGothenburgYes
82%
cities in SpainGranadaYes
82%
cities in BelgiumGroningenNo
82%
cities in GermanyInnsbruckNo
82%
cities in UkraineKharkivYes
82%
cities in RussiaKharkivNo
82%
cities in ItalyLarissaNo
82%
cities in SwitzerlandLausanneYes
82%
cities in the NetherlandsLeuvenNo
82%
cities in BelgiumLeuvenYes
82%
cities in HungaryLiberecNo
82%
cities in BelgiumLiègeYes
82%
cities in DenmarkLinköpingNo
82%
cities in BelgiumLinzNo
82%
cities in BulgariaLjubljanaNo
82%
cities in PolandLvivNo
82%
cities in UkraineMakhachkalaNo
82%
cities in UkraineMariupolYes
82%
cities in BelgiumMidelburgNo
82%
cities in the Czech RepublicNitraNo
82%
cities in the Czech RepublicOpoleNo
82%
cities in SwedenÖrebroYes
82%
cities in UkraineOstravaNo
82%
cities in RussiaPlovdivNo
82%
cities in the Czech RepublicPragueYes
82%
cities in PortugalPraiaNo
82%
cities in GreeceRhodesYes
82%
cities in SwitzerlandSchaanNo
82%
cities in CroatiaSkopjeNo
82%
cities in BulgariaSofiaYes
82%
cities in CroatiaSplitYes
82%
cities in DenmarkStavangerNo
82%
cities in CroatiaSuboticaNo
82%
cities in GreeceTarantoNo
82%
cities in the Czech RepublicTrencinNo
82%
cities in BulgariaTrencinNo
82%
cities in DenmarkTrondheimNo
82%
cities in SwitzerlandTurinNo
82%
cities in the NetherlandsUtrechtYes
82%
cities in SwitzerlandVaduzNo
82%
cities in DenmarkAarhusYes
73%
cities in ItalyAjaccioNo
73%
cities in DenmarkAlborgYes
73%
cities in PortugalAveiroYes
73%
cities in ItalyBariYes
73%
cities in PortugalBelémNo
73%
cities in SwedenBergenNo
73%
cities in PortugalBragaYes
73%
cities in the Czech RepublicBrnoYes
73%
cities in ItalyCataniaYes
73%
cities in RomaniaCluj-NapocaYes
73%
cities in PortugalCoimbraYes
73%
cities in SwedenEsbjergNo
73%
cities in DenmarkEsbjergYes
73%
cities in RussiaKrasnodarYes
73%
cities in GreeceLarissaYes
73%
cities in FranceLiègeNo
73%
cities in CroatiaLiepajaNo
73%
cities in ItalyLuganoNo
73%
cities in BulgariaNizhny NovgorodNo
73%
cities in CroatiaNovi SadNo
73%
cities in HungaryOlomoucNo
73%
cities in HungaryOuluNo
73%
cities in the Czech RepublicPskovNo
73%
cities in CroatiaRijekaYes
73%
cities in SpainRosarioNo
73%
cities in HungarySzczecinNo
73%
cities in PolandSzegedNo
73%
cities in HungarySzegedYes
73%
cities in RomaniaTimisoaraYes
73%
cities in SwedenUppsalaYes
73%
cities in BulgariaVarnaYes
73%
cities in the NetherlandsAalstNo
64%
cities in SwedenAlborgNo
64%
cities in RomaniaBrasovYes
64%
cities in BulgariaCraiovaNo
64%
cities in HungaryDebrecenYes
64%
cities in HungaryGyorYes
64%
cities in SwedenHelsingborgYes
64%
cities in CroatiaHrodnaNo
64%
cities in DenmarkMidelburgNo
64%
cities in CroatiaOsijekYes
64%
cities in BulgariaOstravaNo
64%
cities in HungaryPécsYes
64%
cities in BulgariaRuseYes
64%
cities in BulgariaVeliko TarnovoYes
64%
cities in RussiaVitebskNo
64%
cities in SwitzerlandWinterthurYes
64%
cities in the NetherlandsEnschedeYes
55%
cities in GreeceKalamataYes
55%
cities in DenmarkOdenseYes
55%
cities in the Czech RepublicOlomoucYes
55%
cities in the Czech RepublicPilsenYes
55%
cities in CroatiaZadarYes
55%
cities in the Czech RepublicOstravaYes
45%
cities in BulgariaPlovdivYes
45%
cities in DenmarkRoskildeYes
45%
cities in GreeceFlorianopolisNo
36%

Score Distribution

Percentile by Number Answered

Percent of People with Each Score

Your Score History

You have not taken this quiz since the last reset